| 000 | 00966nam a2200253Ia 4500 | ||
|---|---|---|---|
| 003 | IN-BaIIA | ||
| 008 | 211028s9999 xx 000 0 eng d | ||
| 020 | _a90-277-0280-2 | ||
| 040 | _cIIA Library | ||
| 080 |
_a082.2:52 _bIAU-S50 |
||
| 100 |
_aFehrenbach, C. H _97744 |
||
| 110 | _aIntenational Astronomical Union | ||
| 111 |
_aInternational Astronomical Union Symposium _n50th _cArgentina _d1971 Oct. 18-24 _97745 |
||
| 245 | 0 |
_aSpectral classification and multicolour photometry _bproceedings of the IAU symposium no.50, held in Villa Carlos Paz, Argentina, October 18-24, 1971 _cC. H. Fehrenbach |
|
| 260 |
_aDordrecht _bD. Reidel Publishing _c1973 |
||
| 300 | _axiv, 314p. | ||
| 490 | _aIAU Symposium; no. 50 | ||
| 650 |
_aAstronomical Techniques _91786 |
||
| 650 | _aAstronomy and Astrophysics Thesaurus | ||
| 650 |
_aMulti-colour Photometry _94789 |
||
| 650 |
_aSpectral Classification _93993 |
||
| 710 | _aInternational Astronomical Union | ||
| 942 | _cBK | ||
| 999 |
_c4436 _d4436 |
||